<?xml version="1.0" encoding="UTF-8"?>
<record
    xmlns:xsi="http://www.w3.org/2001/XMLSchema-instance"
    xsi:schemaLocation="http://www.loc.gov/MARC21/slim http://www.loc.gov/standards/marcxml/schema/MARC21slim.xsd"
    xmlns="http://www.loc.gov/MARC21/slim">

  <leader>01261nam a2200337 a 4500</leader>
  <controlfield tag="001">BNC01000000000000001206676</controlfield>
  <controlfield tag="003">CL-SaCFP</controlfield>
  <controlfield tag="005">20260305150907.0</controlfield>
  <controlfield tag="008">220909s2021    cl a     b    000 0dspa  </controlfield>
  <datafield tag="015" ind1=" " ind2=" ">
    <subfield code="a">cl-2021-xxxx</subfield>
    <subfield code="2">bcl</subfield>
  </datafield>
  <datafield tag="020" ind1=" " ind2=" ">
    <subfield code="a">9789564101057</subfield>
  </datafield>
  <datafield tag="040" ind1=" " ind2=" ">
    <subfield code="a">clsabn</subfield>
    <subfield code="b">spa</subfield>
    <subfield code="c">clsabn</subfield>
  </datafield>
  <datafield tag="082" ind1="0" ind2="4">
    <subfield code="a">658.022</subfield>
    <subfield code="b">F363</subfield>
    <subfield code="2">21</subfield>
  </datafield>
  <datafield tag="099" ind1=" " ind2=" ">
    <subfield code="a">lbh/20220909</subfield>
  </datafield>
  <datafield tag="099" ind1=" " ind2=" ">
    <subfield code="a">evp/o/20240607</subfield>
  </datafield>
  <datafield tag="099" ind1=" " ind2=" ">
    <subfield code="a">mcb/s/20240611</subfield>
  </datafield>
  <datafield tag="100" ind1="1" ind2=" ">
    <subfield code="a">Fern&#xE1;ndez Rojas, Ra&#xFA;l</subfield>
  </datafield>
  <datafield tag="245" ind1="1" ind2="0">
    <subfield code="a">Competencias CIE :</subfield>
    <subfield code="b">(creatividad - innovaci&#xF3;n - emprendimiento) : del homo erectus al homo innovarum /</subfield>
    <subfield code="c">Ra&#xFA;l Fern&#xE1;ndez Rojas.</subfield>
  </datafield>
  <datafield tag="246" ind1="3" ind2="0">
    <subfield code="a">(Creatividad - innovaci&#xF3;n - emprendimiento) : del homo erectus al homo innovarum</subfield>
  </datafield>
  <datafield tag="246" ind1="3" ind2="0">
    <subfield code="a">Del homo erectus al homo innovarum</subfield>
  </datafield>
  <datafield tag="260" ind1=" " ind2=" ">
    <subfield code="a">[Chile] :</subfield>
    <subfield code="b">[Editorial no identificada],</subfield>
    <subfield code="c">2021</subfield>
    <subfield code="e">(Chile :</subfield>
    <subfield code="f">[Donnebaum])</subfield>
  </datafield>
  <datafield tag="300" ind1=" " ind2=" ">
    <subfield code="a">142 p&#xE1;ginas :</subfield>
    <subfield code="b">diagramas ;</subfield>
    <subfield code="c">21 cm.</subfield>
  </datafield>
  <datafield tag="500" ind1=" " ind2=" ">
    <subfield code="a">"Se crea con el esp&#xED;ritu y la mente, se innova con la mente y el cuerpo se emprende con todo el ser". R.F.R. -- Cubierta.</subfield>
  </datafield>
  <datafield tag="504" ind1=" " ind2=" ">
    <subfield code="a">Bibliograf&#xED;a: p&#xE1;ginas 140-142.</subfield>
  </datafield>
  <datafield tag="650" ind1=" " ind2="7">
    <subfield code="a">Innovaci&#xF3;n</subfield>
  </datafield>
  <datafield tag="650" ind1=" " ind2="7">
    <subfield code="a">Aptitud creadora</subfield>
  </datafield>
  <datafield tag="650" ind1=" " ind2="7">
    <subfield code="a">Emprendimiento</subfield>
  </datafield>
  <datafield tag="650" ind1=" " ind2="7">
    <subfield code="a">&#xC9;xito en los negocios</subfield>
  </datafield>
  <datafield tag="942" ind1=" " ind2=" ">
    <subfield code="2">ddc</subfield>
    <subfield code="c">LIBRO</subfield>
  </datafield>
  <datafield tag="949" ind1=" " ind2=" ">
    <subfield code="a">c</subfield>
    <subfield code="b">n</subfield>
  </datafield>
  <datafield tag="952" ind1=" " ind2=" ">
    <subfield code="0">0</subfield>
    <subfield code="1">0</subfield>
    <subfield code="2">ddc</subfield>
    <subfield code="4">0</subfield>
    <subfield code="7">0</subfield>
    <subfield code="8">CG</subfield>
    <subfield code="a">BC</subfield>
    <subfield code="b">BC</subfield>
    <subfield code="c">CG</subfield>
    <subfield code="d">2026-03-05</subfield>
    <subfield code="e">DL</subfield>
    <subfield code="l">0</subfield>
    <subfield code="o">658.022 F363</subfield>
    <subfield code="p">3563000052068</subfield>
    <subfield code="r">2026-03-05 15:10:33</subfield>
    <subfield code="t">c.1</subfield>
    <subfield code="w">2026-03-05</subfield>
    <subfield code="y">LIBRO</subfield>
  </datafield>
  <datafield tag="999" ind1=" " ind2=" ">
    <subfield code="c">16341</subfield>
    <subfield code="d">16341</subfield>
  </datafield>
</record>
